000 004550000a22001810004500
003 MACL
005 20151017145417.0
008 151017b xxu||||| |||| 00| 0 eng d
040 _aMACL
_cMACL
041 _aEnglish
082 _a920/PAL
100 _aPal, Bipin Chandra
_915697
245 _aMemories of My Life and Times
260 _bBipinchandra Pal Institute
_c1973
_aCalcutta
350 _a40
650 _aBiography
_915698
942 _cBK
_k920
_2ddc
999 _c6829
_d6829